| 000 | 01002cam a2200289 a 4500 | ||
|---|---|---|---|
| 001 | 45403 | ||
| 003 | BD-RjUL | ||
| 005 | 20211209054016.0 | ||
| 008 | 160725s1967 enk 000 0 eng d | ||
| 035 | _a(BD-RjUL)45521 | ||
| 035 | _a326818 | ||
| 040 |
_aANL _beng _cANL _dANL |
||
| 041 | _aeng | ||
| 082 | 0 | 4 |
_a354.42007 _bACC 1967 |
| 245 | 0 | 0 |
_aAccountability in government departments, public corporations and public companies : _ban introduction / _cedited by R. W. Ennis. |
| 260 |
_aLondon : _bLyon, Grant & Green, _c[1967]. |
||
| 300 |
_axiii, 179 p. ; _c22 cm. |
||
| 490 | 0 | _aAn Administrative Staff College publication | |
| 504 | _aBibliography: p. 169-170. | ||
| 650 | 0 |
_aCorporations _zGreat Britain. _9138684 |
|
| 650 | 0 |
_aGovernment corporations _zGreat Britain. _9139017 |
|
| 650 | 0 |
_aExecutive departments _zGreat Britain. _9139018 |
|
| 651 | 0 |
_aGreat Britain _xOfficials and employees. _9139019 |
|
| 700 |
_aEnnis, R. W., .edited _9139020 |
||
| 942 |
_2ddc _cBK |
||
| 999 |
_c45403 _d45403 |
||